00308 a2200109 450000100060000008200120000610000320001824500830005026000340013330000080016750000230017591405 aPR 1301 aAtif; Prof Taimur (Advisor) aTo Formulate the Computer Code For Solving Framed Structure Problemn49 "A" EC aKarachibNED Universityc1998 a70p aBE Project Reports